• 首页
  • 本馆介绍
  • 公告通知
  • 最新文献
  • 馆藏检索
  • 电子资源
  • 读者导购
  • 参考咨询
  • 我的图书馆
  • 登录
  • 详细信息显示
  • 放入我的书架
  • 预约/预借图书
  • 作者相关作品
  • 分类相关作品
  • 丛书相关作品
  • 出版社相关作品

书目信息

  • 表格格式
  • 工作单格式
  • 卡片格式
题名:
最新数码照相机选购与操作手册
    
 
作者: 王震 编著
分册:  
出版信息: 上海   上海人民美术出版社  2005
页数: 280页
开本: 21cm
丛书名: 走进数码新天地
单 册:
中图分类: TB852.1
科图分类:
主题词: 数字照相机--基本知识 , 数字照相机
电子资源:
ISBN: 7-5322-4196-3
000 00957oam2 2200277 450
001 012007800584
005 20070716152414.72
010    @a7-5322-4196-3@dCNY23.00
100    @a20070714d2005 km y0chiy0120 ea
101 0  @achi
102    @aCN@b310000
105    @ay z 000yy
106    @ar
200 1  @a最新数码照相机选购与操作手册@Azui xin shu ma zhao xiang ji xuan gou yu cao zuo shou ce@f王震编著@Fwang zhen bian zhu
210    @a上海@c上海人民美术出版社@d2005
215    @a280页@d21cm
225 2  @a走进数码新天地
307    @a2006年1月第2次印刷
330    @a本书分为三章,第一章主要介绍了数码摄影技术发展的进程及未来发展趋势;第二章主要介绍了数码照相机的一些重要功能与技术指标;第三章主要介绍了数码照相机操作方面的知识。
461  0 @12001 @a走进数码新天地
606 0  @a数字照相机@x基本知识
606 0  @a数字照相机
690    @aTB852.1@v4
701  0 @a王震@Awang zhen@4编著
801  0 @aCN@bRULIN@c20070716
905    @dTB852.1@e134@s4
    
    最新数码照相机选购与操作手册/王震编著.-上海:上海人民美术出版社,2005
    280页;21cm.-(走进数码新天地)
    
    
    ISBN 7-5322-4196-3:CNY23.00
    本书分为三章,第一章主要介绍了数码摄影技术发展的进程及未来发展趋势;第二章主要介绍了数码照相机的一些重要功能与技术指标;第三章主要介绍了数码照相机操作方面的知识。
●
相关链接 在E读中查询图书 在五车中查询图书 在当当中查询图书 在豆瓣中查询图书


正题名:最新数码照相机选购与操作手册     索取号:TB852.1/134         预约/预借

序号 登录号 条形码 馆藏地/架位号 状态 备注
1 0583387   205833874   第二样本阅览室/ [索取号:TB852.1/134] 在馆    
2 0583388   205833883   第三借阅区/ [索取号:TB852.1/134] 在馆    
3 0583389   205833892   第三借阅区/ [索取号:TB852.1/134] 在馆    
4 0583390   205833909   第三借阅区/ [索取号:TB852.1/134] 在馆    
唐山师范学院图书馆 欢迎您!
大连网信软件有限公司© 版权所有